[Event "Match"]
[Site "www.echecsemail.com"]
[Date "2017.09.18"]
[Round "1"]
[White "Ssharp"]
[Black "Bojan"]
[WhiteElo "2220"]
[BlackElo "1980"]
[Result "1-0"]
[Round "1"]
1.e4 e5
2.Nb1c3 Ng8f6
3.Bf1c4 Nb8c6
4.d3 Bf8b4
5.Bc1d2 Nc6a5
6.Bc4b3 Na5xb3
7.axb3 c6
8.Ng1f3 d6
9.h3 h6
10.O-O Bc8e6
11.Bd2e3 b6
12.Nc3e2 Qd8c7
13.c3 Bb4c5
14.Be3xc5 dxc5
15.c4 a5
16.Ne2g3 g6
17.Qd1c1 Ra8d8
18.Qc1c3 Nf6d7
19.Nf3h4 Kf8
20.f4 g5
21.fxg5 hxg5
22.Nh4g6 Kg7
23.Ng6xh8 Rd8xh8
24.Ng3f5 Kg8
25.Qc3d2 f6
26.Qd2e2 Be6f7
27.Qe2g4 Bf7h5
28.Nf5e7 Kf7
29.Qg4xg5 Qc7d8
30.Ne7xc6 Qd8e8
31.Rf1f2 Ke6
32.Qg5f5 Kd6
33.Nc6a7 Rh8g8
34.Na7b5 Kc6
35.g4 Rg8g5
36.Qf5f3 Qe8e6
37.Rf2g2 Bh5e8
38.h4 Rg5g8
39.b4 cxb4
40.b3 Nd7c5
41.d4 a4
42.d5 { resign }
1-0

[Event "Match"]
[Site "www.echecsemail.com"]
[Date "2017.09.18"]
[Round "1"]
[White "Cjood"]
[Black "Bjonil60"]
[WhiteElo "1930"]
[BlackElo "1470"]
[Result "1-0"]
[Round "1"]
1.e4 Nb8c6
2.f4 e6
3.Ng1f3 Qd8e7
4.g3 d6
5.Bf1g2 h6
6.Nb1c3 a6
7.d3 f6
8.b3 e5
9.f5 Qe7f7
10.Bc1e3 b6
11.O-O b5
12.a3 Ra8b8
13.b4 Ng8e7
14.g4 Bc8b7
15.Qd1d2 Rb8d8
16.Qd2e2 a5
17.bxa5 Nc6xa5
18.Nc3xb5 c6
19.Nb5c3 c5
20.Rf1b1 Bb7c6
21.a4 Rd8a8
22.Nc3b5 Bc6xb5
23.Rb1xb5 Na5c6
24.c3 Nc6a5
25.Qe2b2 Ne7c6
26.Be3d2 Qf7c7
27.c4 Rh8g8
28.Ra1b1 g6
29.Bd2xa5 Qc7c8
30.Ba5e1 h5
31.gxh5 gxh5
32.Be1h4 Bf8e7
33.Rb1a1 Kf7
34.a5 Qc8a6
35.Rb5b6 Qa6c8
36.a6 Ra8a7
37.Qb2b5 Qc8a8
38.Rb6xc6 Rg8c8
39.Rc6xc8 Qa8xc8
40.Qb5b6 Qc8d7
41.Bh4e1 Be7d8
42.Qb6b2 Ra7a8
43.Qb2b5 Qd7c8
44.Qb5b7 Bd8c7
45.Qb7xc8 Ra8xc8
46.h4 Bc7b6
47.Be1a5 Bb6a7
48.Ra1b1 Kg7
49.Rb1b7 Kh6
50.Rb7xa7 Rc8b8
51.Ba5c7 Rb8c8
52.Bc7xd6 Rc8c6
53.Bd6xe5 fxe5
54.Nf3xe5 Rc6b6
55.Ne5d7 Rb6b1
56.Kh2 Rb1d1
57.f6 Kg6
58.Ra7c7 Rd1xd3
59.f7 Kxf7
60.Nd7e5 Ke6
61.Ne5xd3 Kd6
62.Rc7xc5 Ke6
63.a7 Kf6
64.a8Q Ke6
65.Rc5c6 Kf7
66.Qa8b7 Kf8
67.Rc6c8 
1-0

[Event "Match"]
[Site "www.echecsemail.com"]
[Date "2017.09.18"]
[Round "1"]
[White "Raulazo"]
[Black "Cjood"]
[WhiteElo "1890"]
[BlackElo "1900"]
[Result "0-1"]
[Round "1"]
1.e4 e5
2.Ng1f3 Nb8c6
3.Bf1c4 Ng8f6
4.Nf3g5 d5
5.exd5 Nc6a5
6.Qd1e2 Na5xc4
7.Qe2xc4 Qd8xd5
8.Qc4xc7 Bf8e7
9.O-O Be7d6
10.Qc7c3 e4
11.d3 O-O
12.Bc1e3 Bd6e5
13.d4 Be5b8
14.Nb1d2 Qd5d6
15.g3 Rf8e8
16.Be3f4 Qd6b6
17.Nd2c4 Qb6b5
18.b3 Qb5a6
19.Bf4e3 h6
20.f4 hxg5
21.fxg5 Nf6d5
22.Qc3d2 Nd5xe3
23.Qd2xe3 b5
24.Nc4d2 Bc8h3
25.Rf1f2 Qa6c6
26.Nd2xe4 Re8xe4
27.Qe3f3 Qc6e8
28.c4 Re4e1
{ resign }
0-1

[Event "Match"]
[Site "www.echecsemail.com"]
[Date "2017.09.18"]
[Round "1"]
[White "Alieno"]
[Black "Cal"]
[WhiteElo "1499"]
[BlackElo "1610"]
[Result "0-1"]
[Round "1"]
1.d4 d5
2.Ng1f3 h6
3.e3 a6
4.Bf1d3 Ng8f6
5.Nb1d2 b5
6.c3 e6
7.e4 dxe4
8.Nd2xe4 Nf6d5
9.O-O g5
10.Qd1c2 Bf8g7
11.Rf1e1 Bc8b7
12.h3 f5
13.Ne4c5 Bb7c6
14.Nc5xe6 Qd8d7
15.Ne6c5 Qd7e7
16.Re1xe7 Nd5xe7
17.Bd3xf5 Bc6d5
18.Nc5e6 Bg7f6
19.Ne6xc7 Kf7
20.Nc7xa8 Bd5xa8
21.Bf5e4 Ba8xe4
22.Qc2xe4 Nb8d7
23.Bc1d2 a5
24.Ra1e1 b4
25.cxb4 axb4
26.Bd2xb4 Rh8e8
 { time }
0-1

[Event "1/128 Finale"]
[Site "www.chess-mail.com"]
[Date "2017.09.18"]
[Round "1"]
[White "Mitja"]
[Black "Julian"]
[WhiteElo "2000"]
[BlackElo "1470"]
[Result "1-0"]
[Round "1"]
1.d4 d6
2.e3 Ng8f6
3.h3 Nb8d7
4.Nb1d2 e5
5.dxe5 dxe5
6.Nd2b3 c6
7.c3 Bf8e7
8.Ng1e2 O-O
9.Ne2g3 Qd8c7
10.Bf1d3 Rf8d8
11.Bd3c2 Nd7f8
12.Qd1e2 Bc8e6
13.O-O Rd8d7
14.Rf1d1 Ra8d8
15.Rd1xd7 Rd8xd7
16.Nb3d2 Nf8g6
17.Nd2e4 Nf6xe4
18.Ng3xe4 f5
19.Ne4g3 f4
20.exf4 Qc7d8
21.fxe5 Be7c5
22.b4 Bc5b6
23.Bc1e3 Bb6xe3
24.Qe2xe3 Rd7d2
25.Bc2xg6 hxg6
26.a4 Be6c4
27.Ra1e1 Rd2d3
28.Qe3c1 Kf7
29.Qc1f4 Kg8
30.Qf4xc4 Rd3d5
31.Ng3e2 Kh7
32.Ne2f4 Rd5d1
33.Re1xd1 Qd8xd1
34.Kh2 g5
35.Nf4e6 g4
36.Qc4xg4 Qd1xg4
37.hxg4 Kg6
38.f4 { resign }
1-0

[Event "1/128 Finale"]
[Site "www.chess-mail.com"]
[Date "2017.09.18"]
[Round "1"]
[White "Osopanda"]
[Black "Bojan"]
[WhiteElo "1620"]
[BlackElo "1960"]
[Result "0-1"]
[Round "1"]
1.e4 e5
2.Ng1f3 d6
3.d4 exd4
4.Nf3xd4 g6
5.Bf1c4 Bf8g7
6.Bc1e3 c5
7.Nd4e2 Bg7xb2
8.Nb1d2 Bb2xa1
9.Qd1xa1 f6
10.O-O Nb8c6
11.Rf1d1 Qd8e7
12.c3 a6
13.Nd2f1 Qe7xe4
14.Bc4d3 Qe4e6
15.Ne2f4 Qe6g4
16.f3 Qg4d7
17.Nf1g3 Ng8h6
18.Nf4xg6 hxg6
19.Bd3xg6 Kd8
20.c4 Qd7e6
21.Be3xc5 Bc8d7
22.Rd1xd6 Qe6xc4
23.Bc5b6 Kc8
24.Qa1xf6 Rh8g8
25.Ng3e4 Qc4c1
26.Kf2 Qc1c2
27.Ke1 Qc2b1
28.Kf2 Qb1xb6
29.Ke2 Qb6b5
30.Kf2 Qb5b6
31.Ke2 Qb6d8
32.Qf6xd8 Kxd8
33.Ne4f6 Rg8g7
34.Nf6xd7 Rg7xd7
{ resign }
0-1

[Event "1/128 Finale"]
[Site "www.chess-mail.com"]
[Date "2017.09.18"]
[Round "1"]
[White "Mitja"]
[Black "Michel93"]
[WhiteElo "2080"]
[BlackElo "1809"]
[Result "0-1"]
[Round "1"]
1.d4 d5
2.e3 Ng8f6
3.h3 Bc8f5
4.c3 e6
5.Ng1e2 h5
6.Ne2g3 Bf5g6
7.Bf1d3 h4
8.Bd3xg6 hxg3
9.Bg6xf7 Kxf7
10.fxg3 Bf8d6
11.Qd1f3 Ke7
12.b3 Nf6e4
13.g4 Rh8f8
14.Qf3d1 Bd6g3
15.Ke2 Rf8f2
16.Kd3 Nb8d7
17.Rh1f1 Nd7c5
18.dxc5 Ne4xc5
19.Kd4 e5
{ resign }
0-1

[Event "Tourn. n9517"]
[Site "www.chess-mail.com"]
[Date "2017.09.19"]
[Round "1"]
[White "Bojan"]
[Black "Attatroll"]
[WhiteElo "1980"]
[BlackElo "1970"]
[Result "1-0"]
[Round "1"]
1.e4 d6
2.d4 Ng8f6
3.Nb1c3 g6
4.f4 Bf8g7
5.Bf1e2 O-O
6.g4 c5
7.d5 Qd8a5
8.Bc1d2 Qa5b6
9.Ra1b1 Nb8d7
10.Be2f3 Rf8e8
11.h4 e5
12.f5 Nd7f8
13.Ng1h3 Bc8d7
14.Qd1e2 Ra8c8
15.g5 Nf6h5
16.Bf3xh5 gxh5
17.Qe2xh5 Qb6b4
18.Qh5f3 Qb4b6
19.Nh3f2 Kh8
20.h5 Bd7xf5
21.Qf3xf5 Kg8
22.h6 Bg7h8
23.Nf2g4 Nf8g6
24.Ng4f6 Kf8
25.Nf6d7 { resign }
1-0

[Event "Tourn. n9520"]
[Site "www.chess-mail.com"]
[Date "2017.09.19"]
[Round "1"]
[White "Cjood"]
[Black "Andychesston"]
[WhiteElo "2000"]
[BlackElo "2050"]
[Result "1-0"]
[Round "1"]
1.Ng1f3 Nb8c6
2.e4 e5
3.Bf1c4 Bf8e7
4.d4 d6
5.dxe5 Bc8g4
6.exd6 Be7xd6
7.Qd1d5 Bg4e6
8.Qd5d3 Be6xc4
9.Qd3xc4 h6
10.O-O Nc6e5
11.Nf3xe5 Bd6xe5
12.Qc4b5 c6
13.Qb5xe5 Ng8e7
14.Qe5xg7 Kd7
15.Rf1d1 Ne7d5
16.exd5 Kc7
17.Qg7xf7 Kb6
18.Bc1e3 Ka6
19.Nb1c3 Rh8f8
20.Qf7g6 Qd8h4
21.dxc6 Rf8g8
22.Qg6d3 { resign }
1-0

[Event "Tourn. n9474"]
[Site "www.chess-mail.com"]
[Date "2017.09.19"]
[Round "1"]
[White "Falcoale"]
[Black "Malbertan"]
[WhiteElo "2000"]
[BlackElo "2060"]
[Result "0-1"]
[Round "1"]
1.e4 e5
2.Ng1f3 Ng8f6
3.Nf3xe5 d6
4.Ne5f3 Nf6xe4
5.Bf1d3 d5
6.O-O Bf8d6
7.Rf1e1 f5
8.Bd3b5 c6
9.Bb5a4 O-O
10.c3 Nb8a6
11.d3 Ne4f6
12.Bc1g5 Na6c5
13.Ba4c2 Nc5e6
14.Bg5h4 Ne6f4
15.Nb1d2 Nf4g6
16.Nd2f1 Ng6xh4
17.Nf3xh4 Nf6g4
18.Nh4f3 Qd8f6
19.h3 Bc8d7
20.Bc2b3 a5
21.hxg4 fxg4
22.Re1e3 gxf3
23.Re3xf3 Qf6h4
24.c4 Bd7g4
25.cxd5 Bg4xf3
26.dxc6 Kh8
27.Qd1xf3 Rf8xf3
28.gxf3 bxc6
29.Ra1c1 a4
30.Bb3e6 Qh4g5
{ resign }
0-1

[Event "Tourn. n9534"]
[Site "www.chess-mail.com"]
[Date "2017.09.19"]
[Round "1"]
[White "Fantomas"]
[Black "Goofy"]
[WhiteElo "2190"]
[BlackElo "2300"]
[Result "1-0"]
[Round "1"]
1.Ng1f3 f5
2.d4 Ng8f6
3.e3 e6
4.Bf1e2 b6
5.c4 Bc8b7
6.Nb1c3 d6
7.O-O Nb8d7
8.b3 Bf8e7
9.Bc1b2 O-O
10.Nf3g5 { resign }
1-0

[Event "Tourn. n9300"]
[Site "www.chess-mail.com"]
[Date "2017.09.19"]
[Round "1"]
[White "Piriot"]
[Black "Jpmartinez"]
[WhiteElo "2380"]
[BlackElo "2590"]
[Result "0-1"]
[Round "1"]
1.Ng1f3 d5
2.d4 Ng8f6
3.c4 e6
4.Nb1c3 Bf8b4
5.Bc1g5 dxc4
6.e4 b5
7.e5 h6
8.exf6 hxg5
9.fxg7 Rh8g8
10.h4 g4
11.Nf3e5 Rg8xg7
12.h5 f5
13.a4 c5
14.h6 Rg7h7
15.dxc5 Qd8xd1
16.Kxd1 Nb8d7
17.Ne5c6 Bb4xc3
18.bxc3 bxa4
19.Ra1xa4 Bc8b7
20.Nc6d4 Nd7xc5
21.Ra4xc4 Nc5e4
22.Ke1 Bb7d5
23.Rc4b4 Ne4xc3
24.f3 gxf3
25.gxf3 Kf7
26.Bf1d3 Kg6
27.Kd2 Ra8c8
28.Bd3a6 Rc8c7
29.Rb4b8 Nc3a4
30.Ba6b5 Na4b6
31.Rb8g8 Kf6
32.Rg8d8 Nb6c4
33.Bb5xc4 Rc7xc4
34.Kd3 a5
35.Rd8f8 Ke7
36.Rf8b8 Rc4c7
37.Rb8b6 a4
38.Rh1a1 Rc7a7
39.Ke3 Kf6
40.f4 Rh7xh6
{ resign }
0-1

[Event "Tourn. n9473"]
[Site "www.chess-mail.com"]
[Date "2017.09.19"]
[Round "1"]
[White "Lucaschess"]
[Black "Falcoale"]
[WhiteElo "2110"]
[BlackElo "2000"]
[Result "0-1"]
[Round "1"]
1.e4 c5
2.Nb1c3 e6
3.f4 Nb8c6
4.Ng1f3 a6
5.g3 b5
6.e5 Bc8b7
7.Bf1g2 Ra8b8
8.O-O d6
9.d4 cxd4
10.Nf3xd4 d5
 { time }
0-1

[Event "Tourn. n9436"]
[Site "www.chess-mail.com"]
[Date "2017.09.19"]
[Round "1"]
[White "Ztornad"]
[Black "Pachi"]
[WhiteElo "1580"]
[BlackElo "1590"]
[Result "1-0"]
[Round "1"]
1.Nb1c3 Ng8f6
2.Ng1f3 e6
3.e4 d5
4.Bf1b5 c6
5.Bb5d3 dxe4
6.Nc3xe4 e5
7.h3 Bc8f5
8.Ne4xf6 Qd8xf6
9.Bd3xf5 Qf6xf5
10.O-O Bf8d6
11.Nf3h4 Qf5g5
12.Qd1g4 h6
13.Qg4xg5 hxg5
14.Nh4f5 Bd6f8
15.a4 g6
16.Nf5g3 f5
17.d3 Bf8h6
18.Ng3e2 Nb8d7
19.d4 c5
20.dxe5 Nd7xe5
21.Rf1e1 Ne5c6
22.Ne2f4 Kf7
23.Nf4d5 Nc6d4
24.Re1e7 Kf8
25.Re7xb7 Nd4xc2
26.Ra1a2 Ra8d8
27.Nd5c3 a5
28.b3 Nc2b4
29.Ra2d2 Rd8xd2
30.Bc1xd2 g4
31.Rb7b8 Kg7
32.Rb8xh8 Kxh8
33.Bd2xh6 gxh3
34.gxh3 Nb4d3
35.Nc3e2 Kh7
36.Bh6d2 Kg7
37.Bd2xa5 Kf7
38.Kg2 Nd3c1
39.Ne2xc1 { resign }
1-0

[Event "Match"]
[Site "www.echecsemail.com"]
[Date "2017.09.19"]
[Round "1"]
[White "Billyg"]
[Black "Cjood"]
[WhiteElo "1780"]
[BlackElo "1990"]
[Result "0-1"]
[Round "1"]
1.e4 e5
2.Ng1f3 Nb8c6
3.Bf1b5 Ng8e7
4.Bb5xc6 Ne7xc6
5.a3 Bf8c5
6.c3 b5
7.O-O Bc8b7
8.b4 Bc5b6
9.d3 d6
10.c4 bxc4
11.dxc4 O-O
12.c5 dxc5
13.Qd1xd8 Ra8xd8
14.Nb1c3 cxb4
15.Nc3d5 bxa3
16.Bc1xa3 Rf8e8
17.Ba3b2 Nc6d4
18.Nf3xd4 Bb7xd5
19.exd5 exd4
20.Ra1d1 Rd8xd5
21.h3 a5
22.Kh1 d3
23.f4 Re8e2
24.Rf1f3 Re2xb2
25.Rd1e1 g6
26.Re1f1 d2
27.Rf1d1 Rd5c5
28.Rf3d3 Rc5f5
29.Rd3xd2 Rb2xd2
30.Rd1xd2 Rf5xf4
31.g4 a4
32.Rd2a2 Rf4b4
33.Kg2 Kg7
34.Kg3 Rb4b3
35.Kg2 a3
36.Ra2a1 Rb3b2
37.Kf3 a2
38.h4 Bb6d4
39.Ra1f1 Rb2b1
{ resign }
0-1

[Event "Match"]
[Site "www.echecsemail.com"]
[Date "2017.09.19"]
[Round "1"]
[White "Cjood"]
[Black "Bojan"]
[WhiteElo "1850"]
[BlackElo "2020"]
[Result "0-1"]
[Round "1"]
1.Ng1f3 g6
2.e4 Bf8g7
3.Bf1c4 e6
4.O-O c6
5.c3 d5
6.exd5 exd5
7.Bc4b3 Ng8f6
8.Rf1e1 Bc8e6
9.d4 O-O
10.Nf3g5 Be6f5
11.h3 Nf6e4
12.Ng5xe4 dxe4
13.Bc1e3 b6
14.d5 c5
15.d6 Bg7e5
16.Qd1d5 Qd8xd6
17.Qd5xa8 Nb8c6
18.Qa8xf8 Kxf8
19.Nb1a3 a6
20.Na3c4 Qd6c7
21.Nc4xe5 Qc7xe5
22.g4 Bf5c8
23.Ra1d1 h5
24.Rd1d5 Qe5f6
25.Be3h6 Ke8
26.Re1xe4 Bc8e6
27.Rd5d6 Nc6d8
28.Rd6xb6 Kd7
29.Bb3a4 Kc7
30.Rb6xa6 hxg4
31.hxg4 g5
32.Bh6f8 Qf6f3
33.Ba4c2 Be6d5
34.Re4e7 Kb8
35.Ra6b6 Kc8
36.Bc2f5 Nd8e6
37.Bf5xe6 fxe6
38.Re7e8 Kc7
39.Bf8d6 Kxb6
40.Bd6xc5 Kxc5
41.b4 Kb6
42.Re8b8 Kc7
{ resign }
0-1

[Event "Match"]
[Site "www.echecsemail.com"]
[Date "2017.09.19"]
[Round "1"]
[White "Cjood"]
[Black "Fangshuo"]
[WhiteElo "1970"]
[BlackElo "2060"]
[Result "0-1"]
[Round "1"]
1.e4 e6
2.b3 Ng8e7
3.h4 d5
4.Qd1e2 dxe4
5.Qe2xe4 f5
6.Qe4e2 Ne7d5
7.Bc1b2 Nb8c6
8.Ng1f3 Nc6b4
9.d3 Nd5f4
10.Qe2e3 Nb4xc2
{ resign }
0-1

[Event "Match"]
[Site "www.echecsemail.com"]
[Date "2017.09.19"]
[Round "1"]
[White "Karlgrocer"]
[Black "Juodivarnai"]
[WhiteElo "2010"]
[BlackElo "2030"]
[Result "1/2-1/2"]
[Round "1"]
1.d4 d5
2.e3 Ng8f6
3.Ng1f3 e6
4.Bf1e2 c5
5.O-O Bf8e7
6.Nb1d2 O-O
7.c4 cxd4
8.Nf3xd4 e5
9.Nd4b3 Nb8c6
10.cxd5 Nf6xd5
11.Be2f3 Nd5f6
12.Bf3xc6 bxc6
13.a3 Bc8e6
14.Qd1c2 Qd8c7
15.Nd2f3 Ra8b8
16.Nb3c5 Be6d5
17.Nf3d2 Rb8b5
18.b4 a5
19.Ra1b1 Rf8b8
20.Nc5a6 Qc7b6
21.Na6xb8 Qb6xb8
22.e4 Bd5e6
23.bxa5 Rb5xb1
24.Nd2xb1 c5
25.Bc1e3 c4
26.f3 Qb8b3
27.Rf1c1 Qb3xe3
28.Kh1 Be7xa3
29.Nb1xa3 Qe3xa3
30.Qc2d2 Qa3e7
31.a6 h6
32.Qd2a5 Qe7a7
33.Rc1b1 Nf6d7
34.Rb1b7 Qa7f2
35.Qa5a1 Nd7c5
36.Rb7b8 Kh7
37.a7 Nc5d3
38.Qa1g1 c3
39.Qg1xf2 Nd3xf2
40.Kg1 c2
41.Kxf2 c1Q
42.a8Q Qc1d2
43.Kf1 Qd2d1
{ draw }
1/2-1/2

[Event "Match"]
[Site "www.echecsemail.com"]
[Date "2017.09.19"]
[Round "1"]
[White "Biggles"]
[Black "Cjood"]
[WhiteElo "2150"]
[BlackElo "1820"]
[Result "1-0"]
[Round "1"]
1.e4 g6
2.d4 b6
3.Ng1f3 Bf8g7
4.c4 Bc8b7
5.Nb1c3 e6
6.Bc1g5 Bg7f6
7.Bg5xf6 Ng8xf6
8.Bf1d3 d6
9.O-O Nb8d7
10.Rf1e1 O-O
11.e5 dxe5
12.Nf3xe5 Nf6h5
13.Re1e3 Nh5f4
14.Bd3c2 Nf4xg2
15.Re3g3 Nd7xe5
16.dxe5 Qd8xd1
17.Ra1xd1 Ng2h4
18.Rd1d4 Nh4f3
19.Rg3xf3 Bb7xf3
20.Rd4d7 c5
21.Bc2e4 Bf3xe4
22.Nc3xe4 Rf8d8
23.Rd7c7 Rd8d4
24.Ne4d6 Rd4d2
25.Nd6xf7 Rd2xb2
26.Nf7h6 Kh8
27.Nh6f7 Kg7
28.Nf7g5 Kh6
29.f4 Rb2xa2
30.Rc7xh7 
1-0

[Event "Match"]
[Site "www.echecsemail.com"]
[Date "2017.09.19"]
[Round "1"]
[White "Cjood"]
[Black "Azulmarino"]
[WhiteElo "1930"]
[BlackElo "1590"]
[Result "1-0"]
[Round "1"]
1.e4 e5
2.Ng1f3 Nb8c6
3.Bf1c4 Bf8b4
4.c3 Bb4c5
5.O-O h6
6.d4 exd4
7.cxd4 Bc5e7
8.Nb1c3 Ng8f6
9.e5 Nf6g4
10.h3 h5
11.hxg4 hxg4
12.Nf3h2 d6
13.exd6 Qd8xd6
14.g3 a6
15.Bc1f4 Qd6g6
16.Kg2 Qg6h5
17.Rf1h1 Qh5h3
18.Kg1 Be7d6
19.Bf4xd6 cxd6
20.Nc3e4 b5
21.Bc4f1 Qh3h5
22.Qd1e1 Kd7
23.Bf1g2 Nc6xd4
24.Ra1d1 Nd4c2
25.Rd1xd6 Ke7
26.Ne4g5 Kxd6
27.Qe1d2 Ke7
28.Bg2xa8 Qh5g6
29.Qd2e2 Kd8
30.Qe2d2 Bc8d7
31.Nh2xg4 Rh8h5
32.Rh1xh5 Qg6xh5
33.Ng4e5 { resign }
1-0

[Event "1/32 Finale"]
[Site "www.chess-mail.com"]
[Date "2017.09.19"]
[Round "1"]
[White "Pdebonis"]
[Black "Gvladutz"]
[WhiteElo "2680"]
[BlackElo "2470"]
[Result "1-0"]
[Round "1"]
1.e4 e5
2.Ng1f3 Nb8c6
3.Bf1b5 Bf8c5
4.c3 Bc5b6
5.d4 Ng8f6
6.Nf3xe5 Nc6xe5
7.dxe5 Nf6xe4
8.Qd1g4 Bb6xf2
9.Ke2 Qd8h4
10.Qg4xg7 Rh8f8
11.Bc1h6 Bf2c5
12.Nb1d2 Ne4f2
13.b4 Nf2g4
14.bxc5 Ng4xh6
15.Qg7xh7 Qh4g4
16.Kd3 a6
17.Nd2e4 Qg4xg2
18.Ne4f6 Ke7
19.Qh7xh6 axb5
20.Ra1g1 Qg2f3
21.Kc2 Ra8xa2
22.Kb3 Ra2g2
23.Rg1xg2 Qf3xg2
24.Rh1d1 Qg2f3
25.Nf6d5 Ke8
26.Nd5xc7 Ke7
27.Qh6d6 Kd8
28.Qd6xf8 Kxc7
29.Qf8d6 Kd8
30.Rd1g1 Qf3d1
31.Rg1xd1 { resign }
1-0

[Event "Fast Game"]
[Site "www.echecsemail.com"]
[Date "2017.09.19"]
[Round "1"]
[White "Hennie4820"]
[Black "Esperanza"]
[WhiteElo "1700"]
[BlackElo "1669"]
[Result "0-1"]
[Round "1"]
1.e4 c5
2.Ng1f3 d6
3.d4 cxd4
4.Nf3xd4 Ng8f6
5.Nb1c3 e6
6.Bc1e3 a6
7.Qd1d2 Qd8c7
8.O-O-O b5
9.a3 Bc8b7
10.f3 Nb8c6
11.g4 b4
12.axb4 Nc6xb4
13.Kb1 Bf8e7
14.g5 Nf6d7
15.h4 Nd7c5
16.Bf1g2 Ra8b8
17.Nc3b5 Qc7a5
18.Nb5a3 Bb7a8
19.c3 Nb4d3
20.Na3c4 Qa5a4
21.b4 a5
22.Nc4b2 Nd3xb2
23.Qd2xb2 axb4
24.c4 Qa4a6
25.Nd4b5 Qa6a5
26.Nb5xd6 Be7xd6
27.Rd1xd6 O-O
28.Rh1d1 Nc5a4
29.Qb2b3 Na4c3
{ resign }
0-1

[Event "Tourn. n9527"]
[Site "www.chess-mail.com"]
[Date "2017.09.20"]
[Round "1"]
[White "Luban"]
[Black "Bojan"]
[WhiteElo "2100"]
[BlackElo "1990"]
[Result "0-1"]
[Round "1"]
1.d4 d5
2.Ng1f3 Bc8g4
3.e3 a6
4.c4 e6
5.a3 Ng8f6
6.Nb1c3 Nf6e4
7.cxd5 exd5
8.Bf1e2 c6
9.Nc3xe4 dxe4
10.Nf3e5 Bg4e6
11.b4 Bf8d6
12.Ne5c4 Bd6c7
13.Bc1b2 Be6d5
14.O-O Qd8g5
15.Nc4e5 f6
16.Ne5g4 h5
17.f4 exf3
18.Be2xf3 Bd5xf3
19.Ng4xf6 gxf6
20.Rf1xf3 Nb8d7
21.e4 Rh8g8
22.Qd1e2 O-O-O
23.Ra1f1 h4
24.Rf3f5 Qg5g7
25.e5 fxe5
26.dxe5 Qg7e7
27.e6 Nd7b6
28.Bb2f6 Qe7d6
29.Bf6e5 Qd6xe6
30.Qe2e1 Qe6d5
31.Qe1e2 Rd8e8
32.Rf1e1 Nb6c4
{ resign }
0-1

[Event "Tourn. n9454"]
[Site "www.chess-mail.com"]
[Date "2017.09.20"]
[Round "1"]
[White "Astroboy"]
[Black "Abuelo"]
[WhiteElo "2310"]
[BlackElo "2180"]
[Result "1-0"]
[Round "1"]
1.e4 e5
2.Ng1f3 d6
3.d4 exd4
4.Nf3xd4 c5
5.Bf1b5 Bc8d7
6.Bb5xd7 Nb8xd7
7.Nd4f5 Nd7f6
8.Nb1c3 g6
9.Nf5e3 Bf8g7
10.Ne3c4 Bg7f8
11.Bc1g5 h6
12.Bg5h4 g5
13.Bh4g3 a6
14.Bg3xd6 b5
15.Bd6xf8 Kxf8
16.Nc4e3 b4
17.Nc3d5 Nf6xe4
18.Qd1f3 Ng8f6
19.O-O-O Kg7
20.h4 g4
21.Ne3xg4 h5
22.Nd5xf6 hxg4
23.Qf3xg4 Kxf6
24.Rd1xd8 Ra8xd8
25.Qg4xe4 Rh8e8
26.Qe4f4 Kg7
27.h5 Rd8d4
28.Qf4g5 Kh7
29.Qg5xc5 Rd4e4
30.Qc5f5 Kg8
31.h6 Re4e1
32.Rh1xe1 Re8xe1
33.Kd2 Re1h1
34.Qf5g5 Kh7
35.Qg5g7 { resign }
1-0

[Event "Tourn. n9454"]
[Site "www.chess-mail.com"]
[Date "2017.09.20"]
[Round "1"]
[White "Abuelo"]
[Black "Lucaschess"]
[WhiteElo "2180"]
[BlackElo "2080"]
[Result "1-0"]
[Round "1"]
1.e4 e5
2.Ng1f3 Nb8c6
3.Bf1c4 Ng8f6
4.d3 d5
5.exd5 Nf6xd5
6.Bc4xd5 Qd8xd5
7.Nb1c3 Bf8b4
8.Bc1d2 Qd5d8
9.a3 Bb4e7
10.h3 O-O
11.O-O Rf8e8
12.Nc3e4 b6
13.Bd2c3 f6
14.Qd1e2 Bc8b7
15.Ra1d1  { time }
1-0

[Event "Tourn. n9316"]
[Site "www.chess-mail.com"]
[Date "2017.09.20"]
[Round "1"]
[White "Chessington"]
[Black "Sorento"]
[WhiteElo "2110"]
[BlackElo "2060"]
[Result "1-0"]
[Round "1"]
1.d4 Ng8f6
2.Ng1f3 c5
3.e3 b6
4.d5 d6
5.Bf1d3 g6
6.c4 Bf8g7
7.O-O O-O
8.Nb1c3 a6
9.h3 e6
10.e4 exd5
11.exd5 Nb8d7
12.Bc1f4 Qd8c7
13.Rf1e1 Bc8b7
14.Qd1d2 Rf8e8
15.Bf4h2 b5
16.cxb5 c4
17.Bd3f1 Nd7b6
18.bxa6 Bb7xa6
19.Bh2f4 Re8xe1
20.Ra1xe1 Ba6b7
21.Nc3b5 Qc7c5
22.Nb5xd6 Bb7xd5
23.Re1c1 Bd5xf3
24.gxf3 Nf6d5
25.Nd6xc4 Nd5xf4
26.Qd2xf4 Ra8c8
27.Rc1c2 Qc5f8
28.Qf4h4 Bg7h6
29.Qh4e4 Rc8e8
30.Qe4c6 Re8e6
31.Qc6b7 Nb6xc4
32.Rc2xc4 Qf8d6
33.Rc4c8 Kg7
34.Qb7b8 Qd6d2
35.Rc8g8 Kf6
36.Qb8d8 Qd2xd8
37.Rg8xd8 Ke7
38.Rd8b8 Re6c6
39.Rb8b7 Kd8
40.a4 Rc6c7
41.Rb7b8 Rc7c8
42.Rb8b6 Kc7
43.Rb6b4 Bh6g7
44.a5 Rc8d8
45.a6 Rd8b8
46.Rb4f4 f5
47.Rf4h4 h6
48.Rh4a4 Bg7f8
49.Ra4a2 Bf8c5
50.b3 Rb8d8
51.Bf1c4 Kb6
52.Kg2 Rd8d7
53.Ra2e2 Rd7e7
54.Re2d2 Kc7
55.b4 Bc5a7
56.Bc4b5 Kb6
57.Bb5f1 Re7c7
58.f4 h5
59.h4 Rc7c6
60.b5 Rc6c7
61.Rd2d6 Ka5
62.Rd6xg6 Rc7c2
63.Rg6g7 Ba7d4
64.a7 Rc2c8
65.Rg7g6  { time }
1-0

[Event "Tourn. n9462"]
[Site "www.chess-mail.com"]
[Date "2017.09.20"]
[Round "1"]
[White "Luban"]
[Black "Goofy"]
[WhiteElo "2150"]
[BlackElo "2290"]
[Result "0-1"]
[Round "1"]
1.d4 e6
2.c4 f5
3.g3 Ng8f6
4.Bf1g2 Bf8e7
5.Nb1c3 O-O
6.e4 fxe4
7.Nc3xe4 d5
8.Ne4xf6 Be7xf6
9.cxd5 exd5
10.Bc1e3 c6
11.Ng1e2 Bc8g4
12.Qd1d2 a5
13.Ne2c3 Nb8a6
14.a3 Na6c7
15.O-O Qd8d7
16.Nc3a4 Qd7f5
17.Ra1c1 Bf6e7
18.Qd2c2 Qf5h5
19.Na4c5 Be7xc5
20.Qc2xc5 Rf8f7
21.Rf1e1 Nc7e6
22.Qc5c3 Ne6g5
23.Be3xg5 Qh5xg5
24.f4 Qg5f6
25.Re1e5 Rf7e7
26.Rc1e1 Re7xe5
27.fxe5 Qf6e6
28.Re1f1 b6
29.Rf1c1 Ra8c8
30.b4 axb4
31.Qc3xb4 b5
32.Rc1f1 Rc8a8
33.Rf1c1 Ra8a4
34.Qb4c5 Ra4c4
35.Rc1xc4 bxc4
36.a4 Qe6g6
37.Bg2xd5 cxd5
38.Qc5xd5 Qg6e6
39.Qd5xe6 Bg4xe6
40.Kf1 Kf7
41.Ke2 Be6c8
42.Kd2 Ke6
43.g4 Kd5
44.Kc3 Bc8xg4
45.a5 Bg4c8
46.Kb4 Kxd4
{ resign }
0-1

[Event "Tourn. n9506"]
[Site "www.chess-mail.com"]
[Date "2017.09.20"]
[Round "1"]
[White "Picifarkinca"]
[Black "Luban"]
[WhiteElo "2080"]
[BlackElo "2100"]
[Result "1/2-1/2"]
[Round "1"]
1.b3 d5
2.f4 c5
3.e3 a6
4.Bc1b2 e6
5.Ng1f3 Ng8f6
6.Bf1e2 Nb8c6
7.O-O Bf8e7
8.d3 b5
9.Nf3e5 Bc8b7
10.Nb1d2 O-O
11.Nd2f3 Ra8c8
12.Ne5xc6 Bb7xc6
13.Nf3e5 d4
14.Ne5xc6 Rc8xc6
15.Be2f3 Rc6c7
16.e4 e5
17.fxe5 Nf6d7
18.e6 fxe6
19.Bf3g4 e5
20.Rf1xf8 Nd7xf8
21.Qd1f3 Be7g5
22.Ra1f1 Bg5e3
23.Kh1 Nf8d7
24.Bg4e6 Kh8
25.Be6xd7 Qd8f6
26.Qf3xf6 gxf6
27.Bd7e6 Kg7
28.Bb2c1 Be3xc1
29.Rf1xc1 Rc7e7
30.Be6f5 h5
31.h4 Kh6
32.Kh2 Re7g7
33.Rc1g1 { draw }
1/2-1/2

[Event "Tourn. n9478"]
[Site "www.chess-mail.com"]
[Date "2017.09.20"]
[Round "1"]
[White "Luban"]
[Black "Lucaschess"]
[WhiteElo "2150"]
[BlackElo "2110"]
[Result "1-0"]
[Round "1"]
1.d4 d5
2.Ng1f3 Ng8f6
3.h3 e6
4.a3 Bf8e7
5.e3 O-O
6.c4 dxc4
7.Bf1xc4 c5
8.Nb1c3 cxd4
9.Qd1xd4 Nb8c6
10.Qd4xd8 Rf8xd8
11.O-O a6
12.b4 b5
13.Bc4b3 Bc8b7
14.Bc1b2  { time }
1-0

[Event "Tourn. n9508"]
[Site "www.chess-mail.com"]
[Date "2017.09.20"]
[Round "1"]
[White "Jjmcbride"]
[Black "Prize64"]
[WhiteElo "1730"]
[BlackElo "1740"]
[Result "0-1"]
[Round "1"]
1.e4 c5
2.e5 Nb8c6
3.f4 d6
4.Ng1f3 Bc8g4
5.Bf1e2 Ra8b8
6.c3 dxe5
7.fxe5 Bg4xf3
8.Be2xf3 Nc6xe5
9.d4 Ne5xf3
10.gxf3 cxd4
11.cxd4 { time. }
0-1

[Event "Tourn. n9508"]
[Site "www.chess-mail.com"]
[Date "2017.09.20"]
[Round "1"]
[White "Cjood"]
[Black "Jjmcbride"]
[WhiteElo "2000"]
[BlackElo "1730"]
[Result "1-0"]
[Round "1"]
1.e4 e5
2.Ng1f3 d6
3.Bf1c4 h6
4.c3 Ng8f6
5.Qd1c2 Bc8g4
6.Qc2b3 Bg4h5
7.Qb3xb7 Nb8d7
8.Qb7b3 Nf6xe4
9.Bc4d5 Ra8b8
10.Qb3c4  { time }
1-0

[Event "Tourn. n9538"]
[Site "www.chess-mail.com"]
[Date "2017.09.20"]
[Round "1"]
[White "Apdash"]
[Black "Cjood"]
[WhiteElo "1949"]
[BlackElo "1980"]
[Result "1/2-1/2"]
[Round "1"]
1.e4 e5
2.Ng1f3 Nb8c6
3.d4 exd4
4.Nf3xd4 Qd8f6
5.Bc1e3 Bf8c5
6.c3 Ng8e7
7.Bf1e2 Nc6xd4
8.cxd4 Bc5b4
9.Nb1c3 b6
10.e5 Qf6e6
11.Be2f3 Ra8b8
12.O-O Bc8b7
13.a3 Bb4xc3
14.bxc3 Bb7xf3
15.Qd1xf3 O-O
16.Be3g5 f6
17.exf6 gxf6
18.Bg5h6 Rf8f7
19.Rf1e1 Qe6f5
20.Qf3g3 Qf5g6
21.Qg3h3 Ne7f5
22.Bh6f4 d6
23.Re1e6 Rf7g7
24.Ra1e1 Nf5h4
25.Bf4g3 Nh4f5
26.Bg3f4 Nf5h4
27.Bf4g3 { draw }
1/2-1/2

[Event "Tourn. n9427"]
[Site "www.chess-mail.com"]
[Date "2017.09.20"]
[Round "1"]
[White "Pdebonis"]
[Black "Tartan"]
[WhiteElo "2700"]
[BlackElo "2420"]
[Result "1-0"]
[Round "1"]
1.e4 e5
2.Ng1f3 Nb8c6
3.Nb1c3 Ng8f6
4.d4 exd4
5.Nc3d5 Bf8e7
6.Bc1f4 d6
7.Nf3xd4 O-O
8.Nd4b5 Nf6xd5
9.exd5 Nc6e5
10.Bf1e2 Ne5g6
11.Bf4e3 a6
12.Nb5d4 Be7g5
13.Qd1d2 Bg5xe3
14.Qd2xe3 Rf8e8
15.Qe3d2 Qd8f6
16.O-O Bc8f5
17.Nd4xf5 Qf6xf5
18.f4 Re8e4
19.g3 c5
20.dxc6 bxc6
21.Be2d3 Qf5c5
22.Qd2f2 Re4e3
23.b4 Qc5a7
24.Ra1b1 d5
25.Rf1e1 Ra8e8
26.Re1xe3 Re8xe3
27.Rb1b3 Qa7e7
28.a4 Re3e1
29.Kg2 Re1c1
30.b5 axb5
31.axb5 cxb5
32.Rb3xb5 Rc1d1
33.Rb5xd5 Qe7b7
34.Qf2f3 Rd1d2
35.Kh3 Qb7a8
36.Qf3e4 Ng6f8
37.Qe4c4 { resign }
1-0